La irretroactividad problemt̀ica general /

Bibliographic Details
Main Author: Verdera Izquierdo, Beatriz
Format: Unknown
Language:Spanish
Published: Madrid : Dykinson, 2006
Subjects:
Online Access:Acceso restringido

MARC

LEADER 00000ny a22000003n 4500
005 20110523122450.0
008 070212s2006 sp s 001 0 spa c
017 |a D.L. SE.6278-2006 
020 |a 8497729102 
035 |a 1732 
040 |a SpMaUCDE  |d UMA.RE  |d vLex 
080 |a 340.132.3(460) 
090 |c 145  |d 145 
100 1 |a Verdera Izquierdo, Beatriz 
245 1 3 |a La irretroactividad  |h [Recurso electrn̤ico]  |b problemt̀ica general /  |c Beatriz Verdera Izquierdo 
256 |a Servicio en ln̕ea 
260 |a Madrid :  |b Dykinson,  |c 2006 
300 |a 160 p. ;  |c 21 cm 
506 1 |a Contenido solo disponible en los productos indicados  |d vLex Global  |d vLex Global (Academic Edition, excluding Law Schools)  |d vLex Global (U.S. Academic Edition, Law Schools)  |d vLex Global (U.S. Academic Edition, excluding Law Schools)  |d vLex Global (Academic Edition, Law Schools) 
650 0 7 |2 Tesauro vLex  |a Cd̤igo civil 
650 0 7 |2 Tesauro vLex  |a Teora̕ general del derecho 
740 0 |a vLex Libros (Servicios en ln̕ea) 
856 4 0 |z Acceso restringido  |u http://vlex.com/source/irretroactividad-1732 
942 |c BOOK 
999 0 |a Civil law  |b Madrid